000 00181 a2200097 4500
020 _a9780399152597
041 _aeng
100 _aCussler,Clive
245 _aBlack Wind
942 _cBK
999 _c14163
_d14163